000 00665pam a2200229 4500
001 1128
003 BD-RjUL
005 20211208233259.0
008 131124s1955 nyu 00110|eeng d
035 _a(BD-RjUL)1150
040 _aDLC
_cDLC
_dDLC
_beng
041 _aeng
082 0 0 _a343.730998
_bSWP 1955
100 1 _aSwindler, William Finley.
_93328
245 1 0 _aProblems of law in journalism
_cby William F. Swindler.
260 _aNew York :
_bThe Macmillan Company:
_cc1955.
300 _axxii, 551 p.
_c23 cm.
504 _aIncludes bibliographies and index.
650 0 _aPress law
_zUnited States
_xCases.
_93329
942 _2ddc
_cBK
999 _c1128
_d1128